| Tag |
First Indicator |
Second Indicator |
Subfields |
| LEADER |
00000cam a2200000 a 4500 |
| 001 |
in00000097028 |
| 005 |
20150924084915.0 |
| 008 |
820208s1980 ii a b 00 10 eng d |
| 035 |
|
|
|a (OCoLC)08136302
|
| 035 |
|
|
|9 AAK8897AM
|
| 040 |
|
|
|a GDC
|c GDC
|d TXA
|d UtOrBLW
|
| 043 |
|
|
|a a-ii---
|
| 049 |
|
|
|a TXAM
|c [389005]
|
| 090 |
|
|
|a PN2882
|b V35
|
| 100 |
1 |
|
|a Vatsyayan, Kapila.
|
| 245 |
1 |
0 |
|a Traditional Indian theatre :
|b multiple streams /
|c Kapila Vatsyayan.
|
| 250 |
|
|
|a 1st ed.
|
| 264 |
|
1 |
|a New Delhi, India :
|b National Book Trust,
|c 1980.
|
| 300 |
|
|
|a xi, 230 pages, 28 unnumbered pages of plates :
|b illustrations (some color) ;
|c 26 cm.
|
| 336 |
|
|
|a text
|b txt
|2 rdacontent
|
| 337 |
|
|
|a unmediated
|b n
|2 rdamedia
|
| 338 |
|
|
|a volume
|b nc
|2 rdacarrier
|
| 500 |
|
|
|a Includes index.
|
| 504 |
|
|
|a Bibliography: pages [189]-195.
|
| 650 |
|
0 |
|a Theater
|z India.
|
| 650 |
|
0 |
|a Indic drama
|x History and criticism.
|
| 999 |
|
|
|a MARS
|
| 999 |
f |
f |
|s 1659aeaa-3208-3879-aa3a-18ee91abdcf8
|i 3cfffc20-e641-36cc-90dd-f89213456cd3
|t 0
|
| 952 |
f |
f |
|p ric
|a Texas A&M University
|b Rellis Campus
|c Joint Library Facility
|d Remote Storage
|t 0
|e PN2882 V35
|h Library of Congress classification
|i unmediated -- volume
|m A14806026328
|
| 998 |
f |
f |
|a PN2882 V35
|t 0
|l Remote Storage
|